000 01122cab a2200289 4500
001 WB2833-11
008 090401t1992 xxu||||| |||| 00| 0 eng d
035 _a(Sirsi) u46206
041 _aeng
245 _aHomes plan threatens countryside
260 _c1992
350 _a0
490 _aIndependent
_v26 August 1992, 6
490 _aDaily Telegraph
_v26 August 1992, 2(1)
520 _aA CPRE report criticises government determination to press on with plans to build 57 000 new houses a year in the Southeast, towards a target of 855 000 by 2006, arguing that as 80% of demand will arise from single- person households, development would be better targeted on flats, terraces and conversions, particularly in the cities where there is an infrastructure in place.
650 _aAFFORDABLE HOMES
650 _aBUILDING LAND
650 _aCOUNCIL FOR THE PROTECTION OF RURAL ENGLAND
650 _aFARMLAND
650 _aHOUSE BUILDING
650 _aLOW-COST HOMES
650 _aNEW SETTLEMENTS
650 _aSOUTH-EAST ENGLAND
690 _aHOUSING-DEVELOPMENT
942 _n0
948 _c04/03/1997
999 _c29237
_d29237